000 00498nam a2200181Ia 4500
005 20250317123601.0
008 008 250317s9999 xx 000 0 eng d
037 _aTextbook
040 _aFMSL
_beng
_cFMSL
041 _aeng
_2eng
084 _aD65.8(B) L0
_qFMSL
100 _aMurphy J S
245 0 _aBases of digital computers
260 _aLondon
_bLondon, D B Taraporewale
_c1970
300 _a855p
942 _cTB
_hD65.8(B) L0
999 _c1251890
_d1251890